Aspectos políticos de la sociedad de masas.

Detalles Bibliográficos
Autor principal: Kornhauser, William
Formato: Libro
Lenguaje:inglés
Publicado: Buenos Aires Amorrortu 1969
Materias:

MARC

LEADER 00000cam a2200000 a 4500
001 003293
003 UAHC_CL
005 20170803115923.0
008 020605b xx j 000 1 eng
040 |a UAHC_CL  |c UAHC_CL  |d UAHC_CL 
100 1 |a Kornhauser, William 
245 1 0 |a Aspectos políticos de la sociedad de masas. 
260 |b Amorrortu  |c 1969  |a Buenos Aires 
300 |a 243 p. 
650 4 |a SOCIOLOGIA POLITICA  |x SOCIEDAD DE MASAS  |x ASPECTOS POLITICOS Y SOCIALES 
653 |a SOCIOLOGIA 
900 |a 301 KOR 
942 |c BK 
952 |0 0  |1 0  |4 0  |6 301_000000000000000_KOR  |7 0  |8 General  |9 7262  |a BC  |b BC  |c General  |d 2017-08-03  |l 0  |o 301 KOR  |p 1324671  |r 2026-01-07 00:00:00  |t 1  |w 2017-08-03  |y BK 
952 |0 0  |1 0  |4 0  |6 301_000000000000000_KOR  |7 0  |8 General  |9 7263  |a BC  |b BC  |c General  |d 2017-08-03  |l 0  |o 301 KOR  |p 1324672  |r 2026-01-07 00:00:00  |t 2  |w 2017-08-03  |y BK 
999 |c 3293  |d 3293